Guía del veraneante (Record no. 6533)

MARC details
000 -CABECERA
campo de control de longitud fija 00705nam a2200193 a 4500
001 - NÚMERO DE CONTROL
campo de control BRCA_6850
005 - FECHA Y HORA DE LA ÚLTIMA TRANSACCIÓN
campo de control 20190320205621.0
008 - DATOS DE LONGITUD FIJA--INFORMACIÓN GENERAL
campo de control de longitud fija 091111s1940----mx-aob####---#000-0#spa-#
041 ## - CÓDIGO DE LENGUA
Código de lengua del texto/banda sonora o título independiente spa
050 #4 - SIGNATURA TOPOGRÁFICA DE LA BIBLIOTECA DEL CONGRESO
Número de documento/Ítem E47 1940
110 2# - ENTRADA PRINCIPAL--NOMBRE DE ENTIDAD CORPORATIVA
Nombre de entidad corporativa o nombre de jurisdicción como elemento de entrada Empresa de los Ferrocarriles del Estado (Chile)
9 (RLIN) 17081
245 10 - MENCIÓN DE TÍTULO
Título Guía del veraneante
Resto del título revista de turismo de los FF.CC. del E. (Chile) 1939-1940
Mención de responsabilidad, etc. Empresa de los Ferrocarriles del Estado.
260 ## - PUBLICACIÓN, DISTRIBUCIÓN, ETC.
Lugar de publicación, distribución, etc. Santiago de Chile
Nombre del editor, distribuidor, etc. Talleres gráficos de los F.F. C.C. del E.
Fecha de publicación, distribución, etc. 1940
300 ## - DESCRIPCIÓN FÍSICA
Extensión 226 p.
Otras características físicas il. (algunas a color), fotografías, mapas
Dimensiones 13 cm.
500 ## - NOTA GENERAL
Nota general L136
651 #4 - PUNTO DE ACCESO ADICIONAL DE MATERIA--NOMBRE GEOGRÁFICO
Nombre geográfico Chile
Subdivisión de forma Guía de viajeros
Subdivisión general Descripción y viajes
9 (RLIN) 17082
902 ## - CATALOGADOR
Iniciales GFM
942 ## - ELEMENTOS DE PUNTO DE ACCESO ADICIONAL (KOHA)
Fuente del sistema de clasificación o colocación Library of Congress Classification
Tipo de ítem Koha Libros
Holdings
Estado de retiro Estado de pérdida Estado dañado No para préstamo Localización permanente Ubicación/localización actual Fecha de adquisición Número de inventario Total de préstamos Signatura topográfica completa Código de barras Fecha visto por última vez Precio válido a partir de Tipo de ítem Koha
El ejemplar forma parte de la colección y puede ser consultado según las políticas vigentes.       Biblioteca del Museo Franz Mayer (Rogerio Casas-Alatriste) Biblioteca del Museo Franz Mayer (Rogerio Casas-Alatriste) 09/11/2011 L136   E47 1940 (L136) 7298 22/03/2019 22/03/2019 Libros